Statistiques concernant Géographie par lettre - N

Cliquez ici pour prendre le quiz!

Statistiques générales

  • Ce quiz a été pris 24 138 fois
  • Le résultat moyen est 15 sur 22

Statistiques - réponses

allusionréponse% Correct
Pays dans l'HimalayaNépal
94%
Ville où la pizza a été inventéeNaples
93%
Le plus long fleuve du mondeNil
93%
Ville frappée par une bombe atomiqueNagasaki
91%
Ville avec l'aéroport le plus proche de MonacoNice
90%
Pays célèbre pour les fjordsNorvège
90%
Cathédrale parisienne (et université américaine)Notre-Dame
89%
Plus grande ville sur la LoireNantes
84%
________-Galles du Sud, en AustralieNouvelle
84%
Ville bavaroise et lieu de procès naziNuremberg
82%
Capitale du KenyaNairobi
81%
Ville de la jeunesse de JésusNazareth
80%
Région française le long de la MancheNormandie
80%
La plus grande ville de Nouvelle-CalédonieNouméa
55%
Terme pour les personnes migrantes, par exemple les Bédouinsnomade
52%
Capitale du Tennessee, célèbre pour sa musique countryNashville
51%
Nom de famille partagé par 39% des VietnamiensNguyễn
50%
Le train Adirondack d'Amtrak voyage de Montréal à cette villeNew York
46%
日本, le nom japonais pour le JaponNihon
45%
Province espagnole limitrophe de la France dont la capitale est PampeluneNavarre
35%
Plus grand territoire du Canada, plus grand que le MexiqueNunavut
26%
Tribu amérindienne basée en Arizona et au Nouveau-MexiqueNavajo
25%

Distribution des résultats

Percentile par nombre de réponses

% des personnes avec chaque résultat

Votre développement - résultats

Vous n’avez pas pris ce quiz